000 00614nam a2200217Ia 4500
999 _c7878
_d7878
003 0100
005 20170301091901.0
008 130303s9999 xx 000 0 und d
020 _a1570750440
040 _cARRUPELIB
050 _aBR563.N4C451996
100 _aChapman, Mark L
_929176
245 _aChristianity on trial
245 _bAfrican-American religious thought before and after Black power
260 _aMaryknoll, N.Y.
260 _bOrbis Books
300 _axi
300 _b 212 p.24 cm
440 _aThe Bishop Henry McNeal Turner/Sojourner Truth series in Black Religion,v10
_929177
650 _aAfro-American
_xReligion
_929178
650 _aTheology, Doctrinal
_xHistory
_y20th. century
_zUnited States
_929179
650 _aBlack Muslims
_929180
650 _aBlack power
_zUnited States
_929181
650 _aBlack theology
_925940
650 _aWomanist theology
_94638
650 _aUnited States
_xReligion
_z20th. century
_929182
700 _aMark L. Chapman
_929183
942 _2lcc
_cMONOGRAPH